MARC details
| 000 -CABECERA |
| campo de control de longitud fija |
01061cam a2200313 a 4500 |
| 001 - NÚMERO DE CONTROL |
| campo de control |
000003408 |
| 003 - IDENTIFICADOR DEL NÚMERO DE CONTROL |
| campo de control |
DO-SdBNP |
| 005 - FECHA Y HORA DE LA ÚLTIMA TRANSACCIÓN |
| campo de control |
20220808114351.0 |
| 007 - CAMPO FIJO DE DESCRIPCIÓN FÍSICA--INFORMACIÓN GENERAL |
| campo de control de longitud fija |
ta |
| 008 - DATOS DE LONGITUD FIJA--INFORMACIÓN GENERAL |
| campo de control de longitud fija |
700612s1970 xxcab b 001 0 eng |
| 020 ## - NÚMERO INTERNACIONAL ESTÁNDAR DEL LIBRO |
| Número Internacional Estándar del Libro |
0802052193 |
| 040 ## - FUENTE DE LA CATALOGACIÓN |
| Centro catalogador/agencia de origen |
DO-SdBNP |
| Lengua de catalogación |
spa |
| Centro/agencia transcriptor |
BNPHU |
| 082 #4 - NÚMERO DE LA CLASIFICACIÓN DECIMAL DEWEY |
| Número de clasificación |
953.9 |
| Número de documento/Ítem |
W776a |
| Número de edición |
22 |
| 100 1# - ENTRADA PRINCIPAL--NOMBRE DE PERSONA |
| Nombre de persona |
Winnett, F. V. |
| Forma completa/desarrollada del nombre |
(Frederick Víctor) |
| 9 (RLIN) |
10621 |
| 245 10 - MENCIÓN DE TÍTULO |
| Título |
Ancient records from North Arabia / |
| Mención de responsabilidad, etc. |
F. V. Winnett, W. L. Reed ; contribución, J. t. Milik; J. Starcky. |
| 260 ## - PUBLICACIÓN, DISTRIBUCIÓN, ETC. |
| Lugar de publicación, distribución, etc. |
Toronto : |
| Nombre del editor, distribuidor, etc. |
University of Toronto Press, |
| Fecha de publicación, distribución, etc. |
1970. |
| 300 ## - DESCRIPCIÓN FÍSICA |
| Extensión |
xix, 243 p. : |
| Otras características físicas |
il., map. ; |
| Dimensiones |
26 cm. |
| 490 1# - MENCIÓN DE SERIE |
| Mención de serie |
Near and Middle East series, |
| Designación de volumen o secuencia |
6 |
| 590 ## - NOTA LOCAL (RLIN) |
| Nota local |
Inventariado, 2020/BT |
| 650 #4 - PUNTO DE ACCESO ADICIONAL DE MATERIA--TÉRMINO DE MATERIA |
| Término de materia o nombre geográfico como elemento de entrada |
Inscriciones |
| Subdivisión geográfica |
Península Arábica |
| 9 (RLIN) |
10622 |
| 651 #4 - PUNTO DE ACCESO ADICIONAL DE MATERIA--NOMBRE GEOGRÁFICO |
| Nombre geográfico |
Península Arábica |
| Subdivisión general |
Antiguedades |
| 9 (RLIN) |
10623 |
| 651 #4 - PUNTO DE ACCESO ADICIONAL DE MATERIA--NOMBRE GEOGRÁFICO |
| Nombre geográfico |
Península Arábiga |
| 9 (RLIN) |
10624 |
| 700 1# - PUNTO DE ACCESO ADICIONAL--NOMBRE DE PERSONA |
| Nombre de persona |
Reed, W. L. |
| Forma completa/desarrollada del nombre |
(William LaForest), |
| Fechas asociadas al nombre |
1912- |
| 9 (RLIN) |
10625 |
| 700 1# - PUNTO DE ACCESO ADICIONAL--NOMBRE DE PERSONA |
| Nombre de persona |
Milik, J. T. |
| 9 (RLIN) |
10626 |
| 700 1# - PUNTO DE ACCESO ADICIONAL--NOMBRE DE PERSONA |
| Nombre de persona |
Starcky, J. |
| 9 (RLIN) |
10627 |
| 830 #0 - PUNTO DE ACCESO ADICIONAL DE SERIE-TÍTULO UNIFORME |
| Título uniforme |
Near and Middle East series, |
| Designación de volumen o secuencia |
6 |
| 9 (RLIN) |
10628 |
| 910 ## - DATOS DE OPCIÓN DEL USUARIO (OCLC) |
| Datos de opción del usuario |
DG |
| 942 ## - ELEMENTOS DE PUNTO DE ACCESO ADICIONAL (KOHA) |
| Fuente del sistema de clasificación o colocación |
Dewey Decimal Classification |
| Tipo de ítem Koha |
Libro |